[Event "Deizisau 2012"]
[Date "2012.04.07"]
[Round "5.16"]
[Board "16"]
[White "Solodovnichenko, Yuri"]
[Black "Wahedi, Ahmad Siar"]
[Result "1-0"]
[WhiteClock "00:15:36"]
[BlackClock "00:41:00"]
[WhiteElo "2615"]
[BlackElo "2290"]
[PlyCount "107"]

1. e4 e6 2. d4 d5 3. Nc3 Bb4 4. e5 c5 5. a3 Bxc3+ 6. bxc3 Qc7 
7. h4 Ne7 8. Nf3 b6 9. h5 h6 10. Bb5+ Bd7 11. Bd3 Ba4 12. Rh4 c4 
13. Be2 Nd7 14. Rg4 Rh7 15. Rf4 f6 16. exf6 gxf6 17. Rg4 O-O-O 18. Bf4 e5 
19. Bh2 b5 20. Qd2 Qd6 21. dxe5 fxe5 22. Qe3 Nf5 23. Qxa7 Nf6 24. Qa8+ Kd7 
25. Qb7+ Ke6 26. Qxh7 Nxh7 27. Rg6+ Nf6 28. Bxe5 Qxe5 29. Nxe5 Kxe5 30. g4 Ne7 
31. f4+ Ke6 32. Rxh6 Neg8 33. Rg6 Bxc2 34. Rg7 d4 35. cxd4 Rxd4 36. g5 Rxf4 
37. gxf6 Nxf6 38. Kd2 Bf5 39. Rb7 Nd5 40. Re1 c3+ 41. Kc1 Kd6 42. Rxb5 c2 
43. Rxd5+ Kxd5 44. Rf1 Rxf1+ 45. Bxf1 Kd4 46. Kd2 Kc5 47. Ba6 Bh7 48. Bc8 Kd6 
49. Bg4 Be4 50. Be2 Kc5 51. h6 Bh7 52. Bh5 Kb5 53. Be8+ Ka5 54. Kc1 1-0

[Event "Deizisau 2012"]
[Date "2012.04.07"]
[Round "5.17"]
[Board "17"]
[White "Sanikidze, Tornike"]
[Black "Rosner, Jonas"]
[Result "1/2-1/2"]
[WhiteClock "00:00:00"]
[BlackClock "00:00:00"]
[WhiteElo "2549"]
[BlackElo "2285"]
[PlyCount "114"]

1. e4 c6 2. d3 d5 3. Nd2 e5 4. g3 Bd6 5. Bg2 Nf6 6. Ngf3 O-O 
7. O-O Re8 8. Qe2 a5 9. Re1 Nbd7 10. Nf1 b6 11. Nh4 Ba6 12. Qf3 Qc7 
13. Nf5 Bf8 14. h3 Kh8 15. Nh2 dxe4 16. dxe4 Nc5 17. Ng4 Ng8 18. Bf1 Bxf1 
19. Rxf1 Ne6 20. c3 f6 21. h4 g6 22. Nfh6 Nxh6 23. Nxh6 Bxh6 24. Bxh6 Qe7 
25. Kg2 a4 26. Rh1 b5 27. Rad1 Rad8 28. Bc1 Rxd1 29. Rxd1 Rd8 30. Rxd8+ Qxd8 
31. h5 Kg7 32. Qe3 Kf7 33. Qa7+ Qc7 34. Qa8 Nd8 35. hxg6+ hxg6 36. Be3 Qd7 
37. Bb6 Ne6 38. Qh8 Qd3 39. Qh7+ Ng7 40. Qh4 Qd1 41. Qh3 Qd3 42. Kh2 f5 
43. exf5 gxf5 44. Qh6 Qd5 45. Bc7 Qe6 46. Qe3 e4 47. Qg5 Qf6 48. Qd2 Qe6 
49. Bb6 Ne8 50. Qd8 Nf6 51. Bc5 Ng4+ 52. Kg1 e3 53. fxe3 Nxe3 54. Qc7+ Kg6 
55. Bd4 Qe4 56. Qg7+ Kh5 57. Qh7+ Kg4 1/2-1/2

[Event "Deizisau 2012"]
[Date "2012.04.07"]
[Round "5.18"]
[Board "18"]
[White "Heimann, Andreas"]
[Black "Friedrichs, Klaus"]
[Result "1/2-1/2"]
[WhiteClock "00:00:00"]
[BlackClock "00:00:00"]
[WhiteElo "2480"]
[BlackElo "2283"]
[PlyCount "69"]

1. e4 e5 2. Nf3 Nc6 3. Bc4 Bc5 4. c3 Nf6 5. d4 exd4 6. cxd4 Bb4+ 
7. Bd2 Bxd2+ 8. Nbxd2 d5 9. exd5 Nxd5 10. O-O O-O 11. Rc1 Nb6 12. Bb3 Nxd4 
13. Nxd4 Qxd4 14. Rxc7 Nd5 15. Rc4 Qxb2 16. Rxc8 Raxc8 17. Bxd5 Rfd8 18. Nc4 Rxc4 
19. Bxf7+ Kxf7 20. Qxd8 Rc1 21. Qd5+ Kf8 22. Qd6+ Ke8 23. Qe6+ Kf8 24. Qf5+ Kg8 
25. Qd5+ Kf8 26. Qd6+ Ke8 27. Qb8+ Ke7 28. Qxa7 Rxf1+ 29. Kxf1 Qc1+ 30. Ke2 Qc2+ 
31. Ke3 Qc3+ 32. Ke4 Qc6+ 33. Kd4 Qd6+ 34. Kc4 Qe6+ 35. Kc3 1/2-1/2

[Event "Deizisau 2012"]
[Date "2012.04.07"]
[Round "5.19"]
[Board "19"]
[White "Schroeder, Jan-Christian"]
[Black "Lobzhanidze, Davit"]
[Result "1/2-1/2"]
[WhiteClock "00:00:00"]
[BlackClock "00:00:00"]
[WhiteElo "2277"]
[BlackElo "2475"]
[PlyCount "49"]

1. e4 e5 2. Nf3 Nc6 3. Bb5 a6 4. Ba4 Nf6 5. O-O Be7 6. Re1 b5 
7. Bb3 d6 8. c3 O-O 9. d4 Bg4 10. d5 Na5 11. Bc2 c6 12. h3 Bc8 
13. dxc6 Qc7 14. Nbd2 Qxc6 15. Nf1 Be6 16. Ng5 Bd7 17. Ne3 h6 18. Nd5 Rfe8 
19. Nf3 Be6 20. Nb4 Qb7 21. a4 Red8 22. axb5 axb5 23. Qe2 Nb3 24. Rxa8 Rxa8 
25. Bd3 1/2-1/2

[Event "Deizisau 2012"]
[Date "2012.04.07"]
[Round "5.20"]
[Board "20"]
[White "Boguslavskyy, Oleg"]
[Black "Kappeler, Kaspar"]
[Result "0-1"]
[WhiteClock "00:00:00"]
[BlackClock "00:00:00"]
[WhiteElo "2467"]
[BlackElo "2275"]
[PlyCount "80"]

1. e4 c5 2. Nf3 e6 3. d4 cxd4 4. Nxd4 Nc6 5. Nb5 d6 6. c4 Nf6 
7. N1c3 a6 8. Na3 Be7 9. Be2 O-O 10. O-O b6 11. Be3 Ne5 12. f4 Ned7 
13. Bf3 Bb7 14. Qe2 Qc7 15. Rac1 Rac8 16. Bf2 Rfd8 17. Rfe1 Qb8 18. Nab1 Bc6 
19. Nd2 b5 20. cxb5 axb5 21. b4 e5 22. f5 Nb6 23. Nxb5 d5 24. Bc5 Bxc5+ 
25. Rxc5 Na4 26. exd5 Nxc5 27. dxc6 Nd3 28. c7 Qxb5 29. cxd8=Q+ Rxd8 30. Rb1 Qb6+ 
31. Kf1 Nf4 32. Qe1 Nd3 33. Qe2 Qd4 34. g3 Nxb4 35. Nb3 Qd1+ 36. Rxd1 Re8 
37. Qd2 e4 38. Qxb4 exf3 39. Rd2 Re3 40. Rc2 Rd3 0-1

[Event "Deizisau 2012"]
[Date "2012.04.08"]
[Round "6.3"]
[Board "3"]
[White "Petr, Martin"]
[Black "Istratescu, Andrei"]
[Result "1/2-1/2"]
[WhiteClock "01:04:00"]
[BlackClock "01:26:00"]
[WhiteElo "2522"]
[BlackElo "2633"]
[PlyCount "34"]

1. e4 c5 2. Nf3 d6 3. d4 cxd4 4. Nxd4 Nf6 5. Nc3 a6 6. Be2 e5 
7. Nb3 Be7 8. O-O O-O 9. Be3 Be6 10. Qd2 Nbd7 11. a4 Rc8 12. a5 Qc7 
13. Rfd1 Rfd8 14. Nc1 h6 15. h3 Bf8 16. Qe1 Ra8 17. Rd2 b5 1/2-1/2

[Event "Deizisau 2012"]
[Date "2012.04.08"]
[Round "6.5"]
[Board "5"]
[White "Shanava, Konstantine"]
[Black "Bok, Benjamin"]
[Result "1-0"]
[WhiteClock "00:00:00"]
[BlackClock "00:00:05"]
[WhiteElo "2586"]
[BlackElo "2502"]
[PlyCount "104"]

1. e4 e5 2. Bc4 Nf6 3. d3 Nc6 4. Nc3 Na5 5. Nge2 Nxc4 6. dxc4 Be7 
7. h3 d6 8. Be3 Be6 9. b3 c6 10. O-O d5 11. cxd5 cxd5 12. exd5 Nxd5 
13. Nxd5 Qxd5 14. Qxd5 Bxd5 15. f4 exf4 16. Nxf4 Bc6 17. Rad1 O-O 18. Nd5 Ba3 
19. c4 b6 20. Rd3 Rae8 21. Kf2 f6 22. Rb1 Bd6 23. Rbd1 Be5 24. a4 Rf7 
25. R1d2 f5 26. Re2 Bb8 27. Bg5 Bd6 28. Rxe8+ Bxe8 29. Bf4 Bxf4 30. Nxf4 Rd7 
31. Nd5 Kf8 32. Ke3 Bf7 33. Kf4 g6 34. Ke5 Rd8 35. Nf4 Rxd3 36. Nxd3 Ke7 
37. Nf4 Be8 38. Nd5+ Kf7 39. h4 h6 40. g3 Kg7 41. Ne7 Bd7 42. Kd6 Be8 
43. Ke6 a6 44. Nd5 b5 45. cxb5 axb5 46. a5 Bc6 47. a6 g5 48. hxg5 hxg5 
49. Ne7 Be4 50. Nxf5+ Kg6 51. g4 Bf3 52. a7 b4 1-0

[Event "Deizisau 2012"]
[Date "2012.04.08"]
[Round "6.7"]
[Board "7"]
[White "Erdos, Viktor"]
[Black "Shishkin, Vadim"]
[Result "1-0"]
[WhiteClock "00:29:00"]
[BlackClock "00:09:44"]
[WhiteElo "2631"]
[BlackElo "2464"]
[PlyCount "74"]

1. c4 Nf6 2. g3 g6 3. Bg2 d5 4. cxd5 Nxd5 5. Nc3 Nxc3 6. bxc3 Bg7 
7. Nf3 O-O 8. O-O Nd7 9. Rb1 c5 10. Qa4 Nb6 11. Qa5 Bf5 12. Rb5 c4 
13. Nd4 Bd7 14. Rc5 Na4 15. Qxd8 Rfxd8 16. Rxc4 e5 17. Nc2 Rac8 18. Rxc8 Bxc8 
19. c4 Be6 20. Ne3 Rd7 21. Bd5 Bxd5 22. Nxd5 b5 23. d3 e4 24. Kg2 exd3 
25. exd3 f5 26. Re1 Kf7 27. Re2 a6 28. Rc2 a5 29. Be3 b4 30. d4 Ke6 
31. Kf3 Kd6 32. Ke2 Kc6 33. Kd3 Rb7 34. Nf4 b3 35. axb3 Rxb3+ 36. Kd2 Nb6 
37. d5+ Kd7 1-0

[Event "Deizisau 2012"]
[Date "2012.04.08"]
[Round "6.8"]
[Board "8"]
[White "Zeller, Frank"]
[Black "Solodovnichenko, Yuri"]
[Result "0-1"]
[WhiteClock "00:03:30"]
[BlackClock "00:00:05"]
[WhiteElo "2402"]
[BlackElo "2615"]
[PlyCount "73"]

1. e4 c5 2. Nf3 d6 3. d4 cxd4 4. Nxd4 Nf6 5. Nc3 e6 6. Bc4 Be7 
7. Be3 O-O 8. Bb3 Na6 9. Qf3 Nc5 10. O-O-O Bd7 11. g4 a5 12. a4 Bc6 
13. g5 Bxe4 14. Nxe4 Nfxe4 15. Rhg1 d5 16. Kb1 Qe8 17. Qh3 g6 18. Rg4 h5 
19. gxh6 Kh7 20. Nb5 Rc8 21. Bd4 e5 22. Bxd5 exd4 23. Bxe4 f5 24. Bxf5 Rxf5 
25. Re1 d3 26. cxd3 Qf7 27. Nd4 Rxf2 28. Rxg6 Kxg6 29. Rg1+ Bg5 30. Qxc8 Rf1+ 
31. Rxf1 Qxf1+ 32. Ka2 Qf7+ 33. Kb1 Nxd3 34. Ne6 Qf1+ 35. Ka2 Nb4+ 36. Kb3 Qh3+ 
37. Qc3 0-1

[Event "Deizisau 2012"]
[Date "2012.04.08"]
[Round "6.9"]
[Board "9"]
[White "Baramidze, David"]
[Black "Wagner, Dennis"]
[Result "1-0"]
[WhiteClock "00:42:00"]
[BlackClock "00:56:00"]
[WhiteElo "2612"]
[BlackElo "2379"]
[PlyCount "71"]

1. c4 Nf6 2. Nf3 g6 3. Nc3 Bg7 4. d4 d5 5. cxd5 Nxd5 6. e4 Nxc3 
7. bxc3 c5 8. Be3 Qa5 9. Qd2 Nc6 10. Rc1 cxd4 11. cxd4 Qxd2+ 12. Kxd2 O-O 
13. Bb5 Rd8 14. Bxc6 bxc6 15. Rc5 f5 16. exf5 Bxf5 17. Ne5 Bxe5 18. Rxe5 Rab8 
19. Kc3 Rd5 20. Rxe7 Ra5 21. Ra1 Ra3+ 22. Kd2 Rb2+ 23. Ke1 Bd3 24. Bc1 Rbxa2 
25. Rxa2 Rxa2 26. Bh6 Bc4 27. Rg7+ Kh8 28. Re7 Kg8 29. Rg7+ Kh8 30. Rc7 Re2+ 
31. Kd1 Rxf2 32. Rc8+ Bg8 33. d5 Rxg2 34. d6 Rg4 35. Bd2 Rd4 36. Kc2 1-0

[Event "Deizisau 2012"]
[Date "2012.04.08"]
[Round "6.10"]
[Board "10"]
[White "Michalczak, Thomas"]
[Black "Baklan, Vladimir"]
[Result "1/2-1/2"]
[WhiteClock "01:06:00"]
[BlackClock "01:16:00"]
[WhiteElo "2326"]
[BlackElo "2612"]
[PlyCount "40"]

1. e4 e6 2. d4 d5 3. Nc3 Nf6 4. e5 Nfd7 5. f4 c5 6. Nf3 Nc6 
7. Be3 a6 8. Qd2 Qb6 9. O-O-O Qa5 10. dxc5 Bxc5 11. Bxc5 Nxc5 12. Nd4 Bd7 
13. h4 Rc8 14. Kb1 b5 15. Nxc6 Rxc6 16. Bd3 b4 17. Ne2 Na4 18. Nd4 Rc7 
19. Qe3 Qb6 20. Rh3 h5 1/2-1/2

[Event "Deizisau 2012"]
[Date "2012.04.08"]
[Round "6.11"]
[Board "11"]
[White "Swinkels, Robin"]
[Black "Pijpers, Arthur"]
[Result "1-0"]
[WhiteClock "00:07:22"]
[BlackClock "00:07:40"]
[WhiteElo "2494"]
[BlackElo "2338"]
[PlyCount "183"]

1. Nf3 c5 2. c4 g6 3. d4 cxd4 4. Nxd4 Nc6 5. e4 Nf6 6. Nc3 d6 
7. Be2 Nxd4 8. Qxd4 Bg7 9. Be3 O-O 10. Qd2 Be6 11. Rc1 Qa5 12. f3 Rfc8 
13. b3 a6 14. Na4 Qxd2+ 15. Kxd2 Nd7 16. g4 f5 17. exf5 gxf5 18. h3 Rf8 
19. f4 Rad8 20. g5 d5 21. cxd5 Bxd5 22. Rhd1 Bc6 23. Ke1 e5 24. Nc5 exf4 
25. Bxf4 Nxc5 26. Rxd8 Rxd8 27. Rxc5 Re8 28. Kf1 Bg2+ 29. Kxg2 Rxe2+ 30. Kf3 Rxa2 
31. Rc8+ Kf7 32. Rc7+ Kg6 33. Rxb7 Bd4 34. Rd7 Bc5 35. h4 Ra3 36. h5+ Kxh5 
37. Rxh7+ Kg6 38. Rh6+ Kf7 39. Be5 Rxb3+ 40. Kf4 Be3+ 41. Kxf5 Bxg5 42. Rh7+ Ke8 
43. Kxg5 Kd8 44. Kf5 a5 45. Ke6 Rb6+ 46. Bd6 Kc8 47. Rc7+ Kb8 48. Rg7+ Kc8 
49. Rc7+ Kb8 50. Kd5 Rb7 51. Rc6+ Ka7 52. Bc5+ Kb8 53. Bd6+ Ka7 54. Bc5+ Kb8 
55. Rg6 Kc7 56. Rg7+ Kc8 57. Rg8+ Kc7 58. Rg6 Kd7 59. Bd6 Rb5+ 60. Bc5 Rb7 
61. Bb6 a4 62. Rg7+ Kc8 63. Rg6 Kd7 64. Kc5 a3 65. Rg7+ Kc8 66. Rg2 Kd7 
67. Rg7+ Kc8 68. Rg3 Kd7 69. Rxa3 Ke6 70. Kc6 Rh7 71. Bc5 Kf5 72. Kd5 Rh2 
73. Rf3+ Kg4 74. Rf8 Rg2 75. Ke4 Re2+ 76. Be3 Rg2 77. Bf2 Kh3 78. Kf3 Rg3+ 
79. Kf4 Rg4+ 80. Ke3 Rg2 81. Rh8+ Kg4 82. Rg8+ Kh3 83. Rf8 Kg4 84. Rf7 Kh3 
85. Kf3 Rg3+ 86. Kf4 Rg4+ 87. Ke3 Rg2 88. Kf3 Rg3+ 89. Ke2 Rg2 90. Rh7+ Kg4 
91. Kf1 Rxf2+ 92. Kxf2 1-0

[Event "Deizisau 2012"]
[Date "2012.04.08"]
[Round "6.12"]
[Board "12"]
[White "Malek, Daniel"]
[Black "Neuman, Petr"]
[Result "1/2-1/2"]
[WhiteClock "01:03:00"]
[BlackClock "00:00:00"]
[WhiteElo "2323"]
[BlackElo "2468"]
[PlyCount "62"]

1. d4 d5 2. c4 c6 3. Nf3 Nf6 4. e3 a6 5. Bd3 Bg4 6. Nbd2 e6 
7. Qb3 Qc7 8. Ne5 Bh5 9. O-O Bg6 10. Nxg6 hxg6 11. g3 Ng4 12. Nf3 f5 
13. Bd2 Nd7 14. Rac1 Bd6 15. cxd5 exd5 16. Kg2 Qb6 17. Qxb6 Nxb6 18. b3 Nd7 
19. Bc3 Ke7 20. Bb2 Rh6 21. h3 Ngf6 22. Ne5 Rah8 23. Rh1 Ke6 24. Nxd7 Nxd7 
25. f3 Nf6 26. g4 fxg4 27. fxg4 Nxg4 28. hxg4 Rh2+ 29. Rxh2 Rxh2+ 30. Kf3 Rxb2 
31. Rc2 Rxc2 1/2-1/2

[Event "Deizisau 2012"]
[Date "2012.04.08"]
[Round "6.13"]
[Board "13"]
[White "Burg, Twan"]
[Black "Jaeschke, Benno"]
[Result "1/2-1/2"]
[WhiteClock "00:46:00"]
[BlackClock "00:58:00"]
[WhiteElo "2464"]
[BlackElo "2224"]
[PlyCount "62"]

1. e4 e5 2. Nf3 Nc6 3. Bb5 a6 4. Ba4 Nf6 5. O-O Nxe4 6. d4 b5 
7. Bb3 d5 8. dxe5 Be6 9. Nbd2 Bc5 10. Nxe4 dxe4 11. Qxd8+ Rxd8 12. Ng5 e3 
13. Bxe6 fxe6 14. Nxe6 e2 15. Re1 Rd1 16. Bf4 Rxa1 17. Rxa1 Bb4 18. c3 Kf7 
19. Ng5+ Kg6 20. Nf3 Rd8 21. Bd2 Nd4 22. cxd4 Bxd2 23. Nxd2 Rxd4 24. Re1 Rxd2 
25. f4 Rxb2 26. a3 Kf5 27. Kf2 c5 28. Rxe2 Rxe2+ 29. Kxe2 g5 30. g3 Ke6 
31. Kd3 Kd5 1/2-1/2

[Event "Deizisau 2012"]
[Date "2012.04.08"]
[Round "6.14"]
[Board "14"]
[White "Rau, Hannes"]
[Black "Lampert, Jonas"]
[Result "1-0"]
[WhiteClock "00:09:01"]
[BlackClock "00:18:27"]
[WhiteElo "2464"]
[BlackElo "2205"]
[PlyCount "103"]

1. c4 e5 2. Nc3 Nf6 3. Nf3 Nc6 4. e3 Bb4 5. Qc2 O-O 6. Nd5 Re8 
7. a3 Bf8 8. d3 d6 9. Be2 Nxd5 10. cxd5 Ne7 11. e4 c6 12. dxc6 Nxc6 
13. O-O Bg4 14. Be3 Rc8 15. Qb3 Na5 16. Qd1 Nc6 17. h3 Bh5 18. Qb3 b6 
19. Rac1 Qd7 20. Rc3 Na5 21. Qd5 Rxc3 22. bxc3 Qa4 23. Ng5 Bg6 24. h4 h5 
25. g4 Qc6 26. gxh5 Qxd5 27. exd5 Bf5 28. Kh2 f6 29. Ne4 Bxe4 30. dxe4 Rc8 
31. c4 Nxc4 32. Rc1 b5 33. Bxa7 Ra8 34. Bxc4 bxc4 35. Bb6 Rxa3 36. Rxc4 f5 
37. f4 fxe4 38. fxe5 Rd3 39. e6 Rxd5 40. Rxe4 Re5 41. Rxe5 dxe5 42. Kg3 Be7 
43. Kg4 Kf8 44. Bf2 Bd6 45. Kf5 Ke7 46. Be3 Ke8 47. Bg5 Kf8 48. h6 gxh6 
49. Bxh6+ Kg8 50. h5 Kh7 51. Bg5 Kg8 52. Kg6 1-0

[Event "Deizisau 2012"]
[Date "2012.04.08"]
[Round "6.15"]
[Board "15"]
[White "de Francesco, Klaus"]
[Black "Maiwald, Jens-Uwe"]
[Result "0-1"]
[WhiteClock "00:49:00"]
[BlackClock "00:15:21"]
[WhiteElo "2315"]
[BlackElo "2462"]
[PlyCount "74"]

1. d4 d6 2. c4 e5 3. e3 Nf6 4. Nf3 Nbd7 5. Nc3 g6 6. g3 Bg7 
7. Bg2 O-O 8. O-O Re8 9. Qc2 a6 10. b3 c6 11. a4 exd4 12. exd4 a5 
13. Bb2 Nb8 14. Rae1 Rxe1 15. Rxe1 Na6 16. Na2 Bf5 17. Qd2 Qb6 18. Nc1 Nb4 
19. Nh4 Be6 20. h3 d5 21. c5 Qd8 22. Nd3 Nxd3 23. Qxd3 Ne4 24. Bc1 b6 
25. Be3 Rb8 26. f3 Nxg3 27. Bf4 Nh5 28. Bxb8 Qxb8 29. f4 Nxf4 30. Qe3 bxc5 
31. dxc5 d4 32. Qe4 d3 33. Nf3 Ne2+ 34. Kf2 Qg3+ 35. Kf1 Nf4 36. Nd2 Bd4 
37. Qf3 Qh2 0-1

[Event "Deizisau 2012"]
[Date "2012.04.08"]
[Round "6.16"]
[Board "16"]
[White "Kappeler, Kaspar"]
[Black "Lindberg, Bengt"]
[Result "1/2-1/2"]
[WhiteClock "00:14:10"]
[BlackClock "00:19:38"]
[WhiteElo "2275"]
[BlackElo "2418"]
[PlyCount "87"]

1. d4 Nf6 2. c4 e6 3. Nc3 Bb4 4. Qc2 d5 5. a3 Bxc3+ 6. Qxc3 Ne4 
7. Qc2 Nc6 8. e3 e5 9. cxd5 Qxd5 10. Bc4 Qa5+ 11. b4 Nxb4 12. Qxe4 Nc2+ 
13. Ke2 Qe1+ 14. Kf3 Nxa1 15. Bb2 O-O 16. Kg3 h6 17. Bd3 f5 18. Qd5+ Kh8 
19. Qxe5 Qd1 20. Ne2 f4+ 21. Qxf4 Rxf4 22. Rxd1 Rg4+ 23. Kf3 Rg5 24. h3 Nb3 
25. Nf4 Bd7 26. g4 c5 27. Ng6+ Kg8 28. Bc4+ Kh7 29. Ne5 Ba4 30. Bxb3 Bxb3 
31. Rc1 cxd4 32. exd4 h5 33. Kg3 Re8 34. f4 Rg6 35. Nxg6 Kxg6 36. f5+ Kh6 
37. Rc5 g5 38. fxg6 hxg4 39. Bc1+ Kxg6 40. hxg4 Re4 41. Rb5 Bd1 42. g5 Rxd4 
43. Rxb7 Rc4 44. Bb2 1/2-1/2

[Event "Deizisau 2012"]
[Date "2012.04.08"]
[Round "7.3"]
[Board "3"]
[White "Istratescu, Andrei"]
[Black "Swinkels, Robin"]
[Result "1-0"]
[WhiteClock "00:19:23"]
[BlackClock "00:34:00"]
[WhiteElo "2633"]
[BlackElo "2494"]
[PlyCount "107"]

1. Nf3 Nf6 2. c4 b6 3. g3 Bb7 4. Bg2 e6 5. O-O Be7 6. d4 O-O 
7. Nc3 Ne4 8. Bd2 f5 9. Qc2 Nxc3 10. Bxc3 Be4 11. Qd2 Bf6 12. Rad1 d6 
13. Ne1 Bxg2 14. Nxg2 Qd7 15. d5 Bxc3 16. Qxc3 e5 17. f4 e4 18. Ne3 a5 
19. h3 h5 20. Rf2 Na6 21. Rdf1 Rf6 22. g4 hxg4 23. hxg4 fxg4 24. f5 Raf8 
25. Rg2 Rxf5 26. Rxf5 Rxf5 27. Nxf5 Qxf5 28. Qg3 Qg5 29. Qxg4 Qc1+ 30. Kh2 Qh6+ 
31. Kg3 Qe3+ 32. Kh4 Qh6+ 33. Qh5 Qf6+ 34. Kg3 Nc5 35. Qe8+ Qf8 36. Qxf8+ Kxf8 
37. Kf4 Kf7 38. Kf5 Nd7 39. Kxe4 g6 40. b3 Kg7 41. Rg1 Kf7 42. Kf4 Nc5 
43. Rh1 Kg7 44. Rh3 Nd7 45. Re3 Kf7 46. Kg5 Ne5 47. Rxe5 dxe5 48. e4 Kg7 
49. a3 Kf7 50. b4 axb4 51. axb4 Kg7 52. c5 bxc5 53. bxc5 Kf7 54. c6 1-0

[Event "Deizisau 2012"]
[Date "2012.04.08"]
[Round "7.5"]
[Board "5"]
[White "Solodovnichenko, Yuri"]
[Black "Rau, Hannes"]
[Result "1-0"]
[WhiteClock "00:08:19"]
[BlackClock "00:27:00"]
[WhiteElo "2615"]
[BlackElo "2464"]
[PlyCount "125"]

1. e4 c5 2. Nf3 Nc6 3. d4 cxd4 4. Nxd4 Nf6 5. Nc3 d6 6. Bg5 e6 
7. Qd2 a6 8. O-O-O Bd7 9. f3 h6 10. Be3 b5 11. Kb1 Ne5 12. f4 Neg4 
13. a3 e5 14. Nf5 g6 15. Ng3 Nxe3 16. Qxe3 exf4 17. Qxf4 Qe7 18. Be2 Qe5 
19. Rhf1 Be7 20. Qe3 Be6 21. Nh1 Rc8 22. Nf2 Qc5 23. Qd2 Qg5 24. Nd5 Nxd5 
25. exd5 Bf5 26. Bd3 Bxd3 27. Nxd3 Qxd2 28. Rxd2 O-O 29. Nb4 Bg5 30. Re2 Rc5 
31. Nxa6 Rxd5 32. g3 h5 33. c3 h4 34. gxh4 Bxh4 35. Nb4 Rh5 36. Rd2 Rd8 
37. Nd5 Kg7 38. Kc2 Bg5 39. Rg2 Rdh8 40. Rff2 Bh4 41. Rd2 Be1 42. Rde2 Rxd5 
43. Rxe1 Rh3 44. Kb3 Rh4 45. Re7 Kf6 46. Rc7 g5 47. c4 bxc4+ 48. Rxc4 Rb5+ 
49. Kc3 Rh3+ 50. Rg3 Rxh2 51. b4 Rb7 52. Rd4 Rc7+ 53. Kb3 Ke5 54. Rdd3 f5 
55. Rxg5 d5 56. Rg1 d4 57. Re1+ Kd5 58. Red1 Rc4 59. Rf1 Rc3+ 60. Rxc3 dxc3 
61. Rxf5+ Kd4 62. Rf4+ Kd3 63. Rf3+ 1-0

[Event "Deizisau 2012"]
[Date "2012.04.08"]
[Round "7.7"]
[Board "7"]
[White "Maiwald, Jens-Uwe"]
[Black "Edouard, Romain"]
[Result "1/2-1/2"]
[WhiteClock "00:16:30"]
[BlackClock "00:06:35"]
[WhiteElo "2462"]
[BlackElo "2607"]
[PlyCount "104"]

1. g3 c5 2. Bg2 Nc6 3. e4 g6 4. d3 Bg7 5. f4 e6 6. Nf3 Nge7 
7. O-O O-O 8. c3 b6 9. Na3 d6 10. Be3 e5 11. f5 gxf5 12. Nh4 fxe4 
13. dxe4 Kh8 14. Qh5 f6 15. Rad1 Ba6 16. Rf2 Qe8 17. Qxe8 Rfxe8 18. Bf1 Bxf1 
19. Kxf1 Rad8 20. Rfd2 Rd7 21. Rxd6 Rxd6 22. Rxd6 Rd8 23. Nb5 Rxd6 24. Nxd6 Kg8 
25. Ke2 Bf8 26. Ne8 Kf7 27. Nc7 Nc8 28. Nf5 N6e7 29. Nb5 Ke6 30. g4 Kd7 
31. c4 Nc6 32. Nc3 Ke6 33. Nd5 Nd6 34. Kd3 Na5 35. b3 Nc6 36. h3 Nd4 
37. Nc7+ Kd7 38. Nd5 Ke6 39. Bf2 Ne8 40. h4 Nd6 41. h5 Ne8 42. Bh4 Nf3 
43. Ke3 Nd4 44. Kd3 Nf3 45. Bg3 Nd4 46. Nxd4+ cxd4 47. b4 Nd6 48. Bh4 Be7 
49. a3 Nb7 50. Nc7+ Kd7 51. Nd5 Ke6 52. Nc7+ Kd7 1/2-1/2

[Event "Deizisau 2012"]
[Date "2012.04.08"]
[Round "7.8"]
[Board "8"]
[White "Philippe, Christophe"]
[Black "Petr, Martin"]
[Result "0-1"]
[WhiteClock "00:15:50"]
[BlackClock "00:05:35"]
[WhiteElo "2416"]
[BlackElo "2522"]
[PlyCount "107"]

1. e4 e6 2. d4 d5 3. Nc3 Bb4 4. e5 c5 5. Bd2 Ne7 6. Nb5 Bxd2+ 
7. Qxd2 O-O 8. f4 a6 9. Nd6 cxd4 10. Nf3 Nbc6 11. Bd3 f6 12. O-O Nf5 
13. Bxf5 exf5 14. Kh1 fxe5 15. fxe5 Nxe5 16. Nxe5 Qxd6 17. Qxd4 Be6 18. Rae1 Rae8 
19. Re2 Re7 20. Rfe1 Rfe8 21. h3 Qc7 22. c3 Bf7 23. Re3 Re6 24. Qf4 Rf6 
25. Qd4 Rfe6 26. Qf4 h6 27. Qd4 Qd6 28. a3 Qc7 29. Kg1 a5 30. Kh1 b6 
31. Kg1 Qc5 32. b4 axb4 33. axb4 Qxd4 34. cxd4 Bg6 35. Ra1 Rc8 36. Ra7 f4 
37. Rf3 Rf6 38. Rb7 Be4 39. Ra3 Rc1+ 40. Kf2 Rc2+ 41. Ke1 Rf8 42. Raa7 Rxg2 
43. Ng4 Kh8 44. Rxg7 f3 45. Rgf7 Rc8 46. Rac7 Rxc7 47. Rxc7 Rb2 48. Rc6 Rxb4 
49. Rxh6+ Kg7 50. Rc6 Rb1+ 51. Kf2 Rb2+ 52. Ke1 b5 53. h4 Bf5 54. Rc7+ 0-1

[Event "Deizisau 2012"]
[Date "2012.04.08"]
[Round "7.11"]
[Board "11"]
[White "Sanikidze, Tornike"]
[Black "Grimberg, Boris"]
[Result "1/2-1/2"]
[WhiteClock "00:01:47"]
[BlackClock "00:01:35"]
[WhiteElo "2549"]
[BlackElo "2357"]
[PlyCount "122"]

1. d4 d5 2. Nf3 Nf6 3. c4 c6 4. Nc3 a6 5. cxd5 cxd5 6. Bf4 Nc6 
7. Ne5 e6 8. e3 Be7 9. Bd3 O-O 10. Rc1 Bd7 11. O-O Rc8 12. Qf3 Ne8 
13. Qh3 f5 14. g4 Nxe5 15. Bxe5 Nd6 16. Rc2 g6 17. f3 Nc4 18. Bxc4 Rxc4 
19. Rg2 Be8 20. Ne2 Bd6 21. Qg3 Bxe5 22. Qxe5 Qf6 23. Qxf6 Rxf6 24. Nf4 fxg4 
25. Rxg4 Bd7 26. Rg2 Rf8 27. Rd2 Rfc8 28. Kg2 Kg7 29. Rff2 b6 30. e4 g5 
31. Ne2 dxe4 32. fxe4 Bc6 33. d5 exd5 34. exd5 Rd8 35. Nc3 Bb7 36. Rf5 Kg6 
37. Re5 b5 38. Re6+ Kf5 39. Re7 Ba8 40. Kg3 b4 41. Rf2+ Rf4 42. Nd1 Bxd5 
43. Ne3+ Kf6 44. Ra7 Ke5 45. Ng4+ Kf5 46. Rxa6 Rxf2 47. Nxf2 h5 48. h4 Rg8 
49. Ra5 Ke6 50. Nd3 gxh4+ 51. Kxh4 Rg4+ 52. Kxh5 Rd4 53. Nc5+ Kd6 54. b3 Bxb3 
55. Nxb3 Rd5+ 56. Kg4 Rxa5 57. Nxa5 Kc5 58. Kf3 Kd4 59. Nc6+ Kc3 60. Ke2 b3 
61. axb3 Kxb3 1/2-1/2

[Event "Deizisau 2012"]
[Date "2012.04.08"]
[Round "7.12"]
[Board "12"]
[White "Bok, Benjamin"]
[Black "Michalczak, Thomas"]
[Result "1-0"]
[WhiteClock "00:45:00"]
[BlackClock "00:09:00"]
[WhiteElo "2502"]
[BlackElo "2326"]
[PlyCount "53"]

1. e4 e5 2. Nf3 Nc6 3. Bb5 f5 4. d3 Nf6 5. O-O fxe4 6. dxe4 d6 
7. h3 Be7 8. Bc4 Na5 9. Be2 Be6 10. Ng5 Bg8 11. f4 Qd7 12. Nc3 O-O-O 
13. Bb5 Nc6 14. Nf3 exf4 15. Bxf4 Qe6 16. Ng5 Qd7 17. Nf3 Qe6 18. Ng5 Qd7 
19. Qe2 Kb8 20. Rad1 h6 21. Nf3 Nh5 22. Ne5 Qe8 23. Nxc6+ bxc6 24. Ba4 Nxf4 
25. Rxf4 Kb7 26. Nd5 Bg5 27. Nb4 1-0

[Event "Deizisau 2012"]
[Date "2012.04.08"]
[Round "7.13"]
[Board "13"]
[White "Strunski, Andreas"]
[Black "Farago, Ivan"]
[Result "1/2-1/2"]
[WhiteClock "00:17:40"]
[BlackClock "00:02:50"]
[WhiteElo "2328"]
[BlackElo "2500"]
[PlyCount "61"]

1. d4 Nf6 2. c4 e6 3. Nc3 Bb4 4. Qc2 O-O 5. Nf3 c5 6. dxc5 Na6 
7. c6 bxc6 8. g3 d5 9. a3 Be7 10. Bg2 Nc5 11. O-O a5 12. Be3 Ba6 
13. b4 Ncd7 14. c5 e5 15. Bg5 d4 16. Bxf6 Bxf6 17. Ne4 Be7 18. g4 Qc7 
19. Rfe1 Rad8 20. Rad1 axb4 21. axb4 Bb5 22. e3 dxe3 23. Rxe3 h6 24. Nd6 Bxd6 
25. Rxd6 Nf6 26. Rxd8 Qxd8 27. Nxe5 Nd5 28. Re4 Re8 29. Qd2 Qf6 30. Qe1 Re7 
31. h3 1/2-1/2

[Event "Deizisau 2012"]
[Date "2012.04.08"]
[Round "7.14"]
[Board "14"]
[White "Shishkin, Vadim"]
[Black "Malek, Daniel"]
[Result "1-0"]
[WhiteClock "00:08:45"]
[BlackClock "00:05:29"]
[WhiteElo "2464"]
[BlackElo "2323"]
[PlyCount "77"]

1. d4 Nf6 2. c4 e6 3. Nc3 Bb4 4. Qc2 O-O 5. e4 d5 6. e5 Ne4 
7. Bd3 c5 8. Nf3 cxd4 9. Nxd4 Nd7 10. Bf4 Qh4 11. g3 Qh3 12. O-O-O Nxc3 
13. bxc3 Ba3+ 14. Kb1 Nb6 15. Bf1 Qh5 16. Be2 Qh3 17. Nf3 dxc4 18. Nh4 Nd5 
19. f3 Nxf4 20. Bf1 Qxf1 21. Rhxf1 Nd5 22. Rfe1 Bd7 23. Ka1 Bc6 24. Ng2 Bc5 
25. Qc1 b5 26. Nf4 a5 27. Nxd5 Bxd5 28. f4 b4 29. f5 Rfb8 30. f6 g6 
31. h4 Rb7 32. h5 b3 33. Qg5 Rab8 34. hxg6 fxg6 35. Rxd5 exd5 36. e6 bxa2 
37. f7+ Kf8 38. Qh6+ Ke7 39. f8=Q+ 1-0